00992cam a2200253 a 450000100100000000500170001000800410002702000150006804000230008308200180010610000370012424500460016126000730020730000200028049000230030049000730032365000290039665000310042583000300045683000820048691000340056895201210060299900150072300000593020200929151839.0900802s1983 sp 001 p spa  a8400055357 aDO-SdBNPcDLCdDLC a861.64bR579m1 aRincón, Vicente,d1930-91671910aMemoria de la piedra /cVicente Rincón. aZaragoza, España :bInstitución "Fernando el Católico",c1983. a59 p. ;c25 cm.1 a"San Jorge"vv. 351 aPublicación de la Institución "Fernando el Católico"vno. 949. 4aPoesía española9631 4aLiteratura española9632 0a"San Jorge"vv. 35914363 0aPublicación de la Institución "Fernando el Católico" ;vno. 949.913716 aCatalogación por copia / LC 001052708MOaGRbGRcCTd2009-08-24iLF1l0o861.64 R579mp5930-10r2020-06-25w2020-06-25y2ZPréstamo interno c5726d5726